Balkan Countries by Pictures - Statistics

General Stats
  • This quiz has been taken 79 times
  • The average score is 14 of 20
Answer Stats
Picture Answer % Correct
Bosnia and Herzegovina
91%
Greece
90%
Serbia
87%
Bulgaria
86%
Kosovo
86%
Croatia
84%
Montenegro
81%
Slovenia
74%
Croatia
73%
Bosnia and Herzegovina
71%
North Macedonia
70%
Montenegro
63%
North Macedonia
61%
Bulgaria
57%
Greece
57%
Kosovo
57%
Albania
54%
Albania
54%
Slovenia
54%
Serbia
51%
No matching quizzes found
Score Distribution
Percent of People with Each Score
Percentile by Number Answered
Your Score History
You have not taken this quiz